|
|
|
|
| LEADER |
00000nam a2200000 a 4500 |
| 001 |
1/111071 |
| 008 |
160609s20052011gr a||||||||||||| ||gre|| |
| 020 |
|
|
|a 9789603255598
|
| 040 |
|
|
|a GR-MyUa
|b gre
|c GR-MyUa
|e AACR2
|
| 041 |
0 |
|
|a gre
|
| 082 |
7 |
|
|a 398.0956
|2 (23)
|
| 100 |
1 |
|
|a Κοροβίνης, Θωμάς,
|d 1953-
|
| 245 |
1 |
4 |
|a Οι ζεϊμπέκοι της Μικράς Ασίας /
|c Θωμάς Κοροβίνης.
|
| 260 |
|
|
|a Αθήνα :
|b Άγρα,
|c 2005.
|
| 300 |
|
|
|a 436 σ. :
|b 21 εκ.
|
| 650 |
|
0 |
|a Brigand and robbers
|z Turkey
|x History.
|
| 650 |
|
0 |
|a Outlaws
|z Turkey
|x History.
|
| 650 |
|
0 |
|a Outlaws
|z Turkey
|x Social life and customs.
|
| 852 |
|
|
|a INST
|b LESVOS
|c EUDOXUS
|e 20160609
|h 398.0956 ΚΟΡ
|p 005100058131
|q 005100058131
|t EDX
|y 0
|
| 920 |
|
|
|a Eύδοξος
|b Παραγγελία
|y Λέσβος-ΤΚΑΙ
|z 2016-04
|
| 970 |
|
|
|a Καμάτσου
|b Δέσποινα
|z 09-06-2016
|